Operations Management

Guardado en:
Detalles Bibliográficos
Autor principal: Slack, Nigel
Otros Autores: Brandon-Jones, Alistair
Formato: Libro
Lenguaje:inglés
Publicado: Harlow Pearson 2019
Edición:9th Edition
Materias:
Etiquetas: Agregar Etiqueta
Sin Etiquetas, Sea el primero en etiquetar este registro!

MARC

LEADER 00000nam a2200000 4500
001 0279585
005 20240416113822.6
020 |a 978-1-292-25396-1 
020 |a 978-1-292-25399-2 
020 |a 978-1-292-25398-5 
041 0 |a eng 
044 |a GB 
245 1 0 |a Operations Management  |c Nigel Slack, Alistair Brandon-Jones 
250 |a 9th Edition 
264 1 |a Harlow  |b Pearson  |c 2019 
300 |a 750 s. 
610 2 0 |a manažment operačný 
610 2 0 |a riadenie podnikové 
610 2 0 |a riadenie reťazcov dodávateľských 
610 2 0 |a riadenie kvality 
610 2 0 |a riadenie projektové 
610 2 0 |a riadenie rizík 
610 2 0 |a kontrola 
100 1 |a Slack, Nigel 
700 1 |a Brandon-Jones, Alistair